Entry Nombre personal
001 - NÚMERO DE CONTROL
- campo de control: 126498
003 - IDENTIFICADOR DE NÚMERO DE CONTROL
- campo de control: SpMaBN
005 - FECHA Y HORA DE LA ÚLTIMA TRANSACCIÓN
- campo de control: 20250724050907.0
008 - ELEMENTOS DE DATO DE LONGITUD-FIJA
- campo de control de longitud fija: 120208n azznnaabn n aac ##
040 ## - FUENTE DE CATALOGACIÓN
- Centro catalogador/agencia de origen: SpMaBN
- Lengua de catalogación: spa
- Centro/agencia transcriptor: SpMaBN
- Normas de descripción: rdc
- Convención/Normas de encabezamiento de materia/tesauro: embne
100 0# - ENCABEZAMIENTO-NOMBRE DE PERSONA
- Nombre de persona: Cimón de Atenas,
- Títulos y otros términos asociados al nombre: 510-450 a.C.
400 0# - TRAZADO DE VÉASE--NOMBRE DE PERSONA
- Nombre de persona: Atenas, Cimón de,
- Títulos y otros términos asociados al nombre: 510-450 a.C.
400 0# - TRAZADO DE VÉASE--NOMBRE DE PERSONA
- Nombre de persona: Cimone,
- Títulos y otros términos asociados al nombre: 510-450 a.C.
670 ## - FUENTE DE DATOS ENCONTRADOS
- Cita de la fuente: [VITA DE CIMONE, entre 1518 y 1525?]
- Información encontrada: inscripción dentro de la imagen ("CIMONE")
670 ## - FUENTE DE DATOS ENCONTRADOS
- Cita de la fuente: WWW.Wikipedia, 8-2-2012
- Información encontrada: (Cimón de Atenas nació en 510 murió en 450 a.C., estadista y general ateniense)
